Statistics for Top 100 Biggest Cities in Hawaii

Click here to take the quiz!

General Stats

  • This quiz has been taken 46 times
  • The average score is 17 of 100

Answer Stats

# City Population % Correct
1Honolulu337,256
100%
4Hilo43,263
86%
3Pearl City47,698
64%
5Kailua38,635
47%
33Waimea9,212
42%
9Kahului26,337
36%
45Lihue6,455
36%
8Mililani27,629
36%
7Kaneohe34,597
36%
32Aiea9,388
33%
25Lahaina11,704
33%
6Waipahu38,216
31%
28Kapaa10,699
31%
2East Honolulu49,914
28%
92Princeville2,158
28%
17Kapolei15,186
28%
71Kaunakakai3,245
25%
23Nānākuli12,666
25%
82Kahuku2,614
25%
73Lanai City3,102
25%
20Halawa14,014
22%
64Haleiwa3,970
22%
12Kihei20,881
22%
48Laie6,138
22%
14Wahiawa17,821
22%
13Makakilo18,248
22%
93Koloa2,144
22%
52Waimānalo5,451
22%
18'Ewa Beach14,955
22%
22Waianae13,177
22%
26Waipio11,674
19%
89Wailua2,254
19%
38Mākaha8,278
19%
70Captain Cook3,429
19%
58Pūpūkea4,551
17%
57Kalaheo4,595
17%
78Kilauea2,803
17%
80Paia2,668
17%
55He'eia4,963
17%
83Volcano2,575
17%
88Honokaa2,258
17%
35Ahuimanu8,810
17%
31Māili9,488
17%
56Kahaluu4,738
17%
94Maunawili2,040
17%
60Waimanalo Beach4,481
14%
66Waialua3,860
14%
47Waikoloa Village6,362
14%
21Waimalu13,730
14%
63Hau'ula4,148
14%
15Schofield Barracks16,370
14%
95Kualapuu2,027
14%
29Kalaoa9,644
14%
69Kekaha3,537
11%
91Anahola2,223
11%
50Wailea5,938
11%
43Makawao7,184
11%
16Wailuku15,313
11%
98Mokulēia1,811
11%
67Hanamaulu3,835
11%
72Iroquois Point3,374
8%
76Puhi2,906
8%
84Honaunau-Napoopoo2,567
8%
86Eleele2,390
8%
100Pepeekeo1,789
8%
65Mountain View3,924
8%
40Pukalani7,574
8%
59Whitmore Village4,499
8%
49'Ewa Villages6,108
8%
36Holualoa8,538
8%
42Napili-Honokowai7,261
8%
62Hawaiian Beaches4,280
6%
10'Ewa Gentry22,690
6%
96Kealakekua2,019
6%
27Hawaiian Paradise Park11,404
6%
34Waihee-Waiehu8,841
6%
77Orchidlands Estates2,815
6%
39Haiku-Pauwela8,118
6%
85Honalo2,423
6%
90Keaau2,253
3%
87Lawai2,363
3%
41Waikele7,479
3%
68Kahaluu-Keauhou3,549
3%
81Hanapepe2,638
3%
79Hawaiian Acres2,700
3%
46Kula6,452
3%
T74Waikapu2,965
3%
T74Ainaloa2,965
3%
53Waipi'o Acres5,236
3%
54Wailuā Homesteads5,188
3%
44Hickam Housing6,920
0%
37Ocean Pointe8,361
0%
30Kaneohe Station9,517
0%
19Royal Kunia14,525
0%
11Mililani Mauka21,039
0%
61Hawaiian Ocean View4,437
0%
99Ka Olina1,799
0%
51West Loch Estate5,485
0%

Score Distribution

Percentile by Number Answered

Percent of People with Each Score

Your Score History

You have not taken this quiz